Apparatus juris publici hispanici (Record no. 8535)

MARC details
000 -CABECERA
campo de control de longitud fija 01081nam a2200205 a 4500
001 - NÚMERO DE CONTROL
campo de control BRCA_8884
005 - FECHA Y HORA DE LA ÚLTIMA TRANSACCIÓN
campo de control 20190320210439.0
008 - DATOS DE LONGITUD FIJA--INFORMACIÓN GENERAL
campo de control de longitud fija 150617s1751----sp-#######---#000-0#lat-#
041 ## - CÓDIGO DE LENGUA
Código de lengua del texto/banda sonora o título independiente lat
044 ## - CÓDIGO DEL PAÍS DE LA ENTIDAD EDITORA/PRODUCTORA
Código MARC del país sp
084 ## - OTRO NÚMERO DE CLASIFICACIÓN
Número de clasificación CO23
Número de documento/Ítem .P47 1751
100 1# - ENTRADA PRINCIPAL--NOMBRE DE PERSONA
Nombre de persona Perez Valiente, Joseph
Fechas asociadas al nombre 1713 - 1789
9 (RLIN) 22111
245 10 - MENCIÓN DE TÍTULO
Título Apparatus juris publici hispanici
Resto del título opus político-juridicum, praecipua juris publici universalis, simulque hispanici elementa exponens, quad catholico potentissimo hispaniarum, et indiarum regi D. Fernando VI: sub auspiciis Sermi D. Infantis Cardinalis D. Ludovici Toletanae, et hispalensis ecclsiae in simul praesulis, &c
Mención de responsabilidad, etc. D.O.C. suae Reg. Celsitudinis cubicularius generalis assessor D. Petrus Joseph Perez Valiente...
260 ## - PUBLICACIÓN, DISTRIBUCIÓN, ETC.
Lugar de publicación, distribución, etc. Matriti
Nombre del editor, distribuidor, etc. Ex Mercurii Officina aJosepho de Orga, Typographo
Fecha de publicación, distribución, etc. 1751
300 ## - DESCRIPCIÓN FÍSICA
Extensión LVI, 374 p.
Dimensiones 24.3 x 18 cm
500 ## - NOTA GENERAL
Nota general Estado físico: presenta encuadernación en pergamino con lomo deteriorado y presencia del pez de plata
650 14 - PUNTO DE ACCESO ADICIONAL DE MATERIA--TÉRMINO DE MATERIA
Término de materia o nombre geográfico como elemento de entrada Derecho civil
Subdivisión cronológica Obras anteriores a 1800
Subdivisión geográfica España
9 (RLIN) 21603
902 ## - CATALOGADOR
Iniciales CFM
942 ## - ELEMENTOS DE PUNTO DE ACCESO ADICIONAL (KOHA)
Fuente del sistema de clasificación o colocación Library of Congress Classification
Tipo de ítem Koha Libros
Holdings
Estado de retiro Estado de pérdida Estado dañado No para préstamo Localización permanente Ubicación/localización actual Fecha de adquisición Total de préstamos Signatura topográfica completa Código de barras Fecha visto por última vez Precio válido a partir de Tipo de ítem Koha
El ejemplar forma parte de la colección y puede ser consultado según las políticas vigentes.       Biblioteca del Museo Franz Mayer (Rogerio Casas-Alatriste) Biblioteca del Museo Franz Mayer (Rogerio Casas-Alatriste) 15/06/2017   CO23 .P47 1751 CFM00207 22/03/2019 22/03/2019 Libros